| 000 | 00630nam a22001937a 4500 | ||
|---|---|---|---|
| 999 |
_c167562 _d167562 |
||
| 005 | 20190911110824.0 | ||
| 010 | _aUR-10449 | ||
| 020 |
_c60.00 _a9788178988375 |
||
| 035 | _aU-9004 | ||
| 037 |
_bDBAD/PUB _a- |
||
| 082 | _a270 | ||
| 100 | _aو حيد ا لد ين خا ن | ||
| 245 |
_aا لا سلا م _cو حيد ا لد ين خا ن |
||
| 246 |
_bAl-Islam (Urdu) _aby Waheeduddin Khan |
||
| 260 |
_aDelhi _bMaktaba Al-Risala _c2013 ء |
||
| 270 |
_aGood Word Books 1,Nizamuddin,West Market _bN.Delhi _e110013 _k918588822672 _l- |
||
| 300 |
_a175ص _c22 Cm(Hb) |
||
| 942 |
_2ddc _cUR _h270 _mخ ا ن |
||